000 00528nam a2200193Ia 4500
005 20250326144940.0
008 250326s9999 xx 000 0 und d
037 _aTextbook
040 _aFMSL
_beng
_cFMSL
041 _aeng
_2eng
084 _aX:9 P2
_qFMSL
100 _aMondy R W
_9126405
245 0 _aHuman resource management
_cMondy R W; Noe R M And Others
250 _a8
260 _aNew Jersey
_bNew Jersey, Prentice-Hall
_c2002
300 _a580p
942 _cTB
_hX:9 P2
999 _c1305755
_d1305755